| 000 | 00371cam a22001337a 4500 | ||
|---|---|---|---|
| 008 | 180718b1951 xxu||||| |||| 00| 0 eng d | ||
| 082 | _aDx73 E159 | ||
| 100 | _aEllis, L. Ethan | ||
| 245 |
_aShort history of American diplomacy _cby L. Ethan Ellis |
||
| 260 |
_aNew York _bHarper _c1951 |
||
| 300 | _a604p. | ||
| 440 | _abibl. | ||
| 650 | _aUnited States --Foreign relations | ||
| 999 |
_c364999 _d364999 |
||